000 00970nam0a22002891 4500
001 rc\2123776
005 20260405170527.0
035 _a(NLR Aleph) 006698505
090 _a5219438
_c5219438
100 _a20110829d1978 |||y0rusy50 ca
101 0 _arus
102 _aRU
105 _aa j |||||
200 1 _aСтоматология
_e[Учебник для мед. ин-тов]
205 _a2-е изд.
210 _aМосква
_cМедицина
_d1978
215 _a423 с.
_cил.
_d20
606 _aСтоматология
_zУчебники и пособия
_2psbo
700 1 _4070
_7ca
_8rus
_aБажанов
_bН. Н.
_cд-р мед. наук, стоматология
_f1923-2010
_gНиколай Николаевич
_3RU\NLR\AUTH\7772300
_955228
801 0 _aRU
_bNLR
_gpsbo
801 1 _aRU
_bELAR
_2rusmarc
852 _aNLR
_j78-3/2508
899 _aRuMoRGB
_jБ 78-3/89
899 _aRuMoRGB
_jБ 78-3/90
942 _cBOOK
980 _aNB